[Event "Groningen op-B 55th"]
[Site "Groningen"]
[Date "2017.12.30"]
[Round "9"]
[White "Martinez, Anna"]
[Black "Beerdsen, Marco"]
[Result "1-0"]
[WhiteElo "1793"]
[BlackElo "1611"]
[PlyCount "27"]
[EventDate "2017.12.22"]
[EventType "swiss"]
[EventRounds "9"]
[EventCountry "NED"]
[SourceTitle "OM OTB B 201907"]
[Source "Opening Master"]
[SourceDate "2019.07.06"]
[SourceVersion "2"]
[SourceVersionDate "2019.07.06"]
[SourceQuality "1"]

1. e4 c5 2. Nf3 d6 3. d4 cxd4 4. Nxd4 Nf6 5. Nc3 Nc6 6. Be2 e5 7. Nb3 Be6 8.
Bg5 Be7 9. Qd2 a6 10. O-O Qc7 11. Bxf6 Bxf6 12. Nd5 Bxd5 13. exd5 O-O 14. dxc6
1-0

[Event "Bhopal op"]
[Site "Bhopal"]
[Date "2017.12.27"]
[Round "9"]
[White "Varshini, Veileven"]
[Black "Shailesh, Dravid"]
[Result "0-1"]
[WhiteElo "2056"]
[BlackElo "2306"]
[PlyCount "106"]
[EventDate "2017.12.21"]
[EventType "swiss"]
[EventRounds "10"]
[EventCountry "IND"]
[SourceTitle "OM OTB B 201907"]
[Source "Opening Master"]
[SourceDate "2019.07.06"]
[SourceVersion "2"]
[SourceVersionDate "2019.07.06"]
[SourceQuality "1"]

1. e4 c5 2. Nc3 Nc6 3. Nge2 d6 4. d4 cxd4 5. Nxd4 Nf6 6. Be2 e5 7. Nb3 Be7 8.
O-O O-O 9. Kh1 a5 10. a4 Nb4 11. f4 Bd7 12. Bf3 Bc6 13. fxe5 dxe5 14. Qe2 Qc7
15. Be3 b6 16. Qf2 Rab8 17. Rac1 Kh8 18. Qg3 Ne8 19. Nd2 f6 20. Bg4 Nd6 21. Be6
Bd7 22. Bb3 b5 23. axb5 Nxb5 24. Nf3 Nxc3 25. bxc3 Qxc3 26. Nh4 g5 27. Nf5 Bxf5
28. Rxf5 Qc6 29. Qf3 a4 30. Bd5 Nxd5 31. exd5 Qc3 32. Qe2 a3 33. Rff1 a2 34. h4
Ra8 35. Ra1 Rfb8 36. hxg5 Qxa1 37. Rxa1 Rb1+ 38. Kh2 Rxa1 39. Bd4 Rh1+ 40. Kxh1
exd4 41. Qxe7 a1=Q+ 42. Kh2 Qa7 43. Qxf6+ Qg7 44. Qf4 Re8 45. g3 Qe5 46. Qf7
Rg8 47. Qf3 Qxg5 48. Kg2 Rd8 49. d6 Qd2+ 50. Kf1 Qc1+ 51. Kg2 Qxc2+ 52. Kg1
Qc1+ 53. Kg2 Qh6 0-1

[Event "Erfurt GER, 27th Festival "]
[Site "Erfurt GER"]
[Date "2017.12.27"]
[Round "3.1"]
[White "Schmaltz, Roland"]
[Black "Osmanodja, Filiz"]
[Result "1-0"]
[WhiteElo "2471"]
[BlackElo "2243"]
[PlyCount "90"]
[EventDate "2017.12.26"]
[EventType "swiss"]
[EventRounds "9"]
[EventCountry "GER"]
[SourceTitle "OM OTB B 201907"]
[Source "Opening Master"]
[SourceDate "2019.07.06"]
[SourceVersion "2"]
[SourceVersionDate "2019.07.06"]
[SourceQuality "1"]

1. e4 c5 2. Nf3 d6 3. d4 Nf6 4. Nc3 cxd4 5. Nxd4 Nc6 6. Be2 e5 7. Nf3 h6 8. O-O
Be7 9. h3 O-O 10. Nh2 Nd4 11. Ng4 Nxe2+ 12. Qxe2 Nxg4 13. hxg4 Be6 14. Rd1 Rc8
15. Nd5 Bxd5 16. Rxd5 Rc5 17. Rd3 d5 18. Be3 d4 19. c3 Bf6 20. Rad1 Qc8 21.
cxd4 Rc2 22. Qf3 exd4 23. Bxh6 Rxb2 24. Bf4 Qe6 25. a3 Re8 26. g5 Be7 27. e5
Bc5 28. Qh5 Rb3 29. a4 g6 30. Qf3 Rb4 31. Rc1 b6 32. a5 Kg7 33. axb6 axb6 34.
Ra1 b5 35. Bd2 Ra4 36. Rc1 Rc4 37. Re1 Qf5 38. Qg3 Rc2 39. Rf3 Qd7 40. Qf4 Qf5
41. Qh4 Rh8 42. Qg3 Qe6 43. Rf6 Qc4 44. e6 Re8 45. Rxf7+ Kg8 1-0

[Event "Bremen GER, Silvester Open 2017"]
[Site "Bremen GER"]
[Date "2017.12.27"]
[Round "1.1"]
[White "Pahl, Theis"]
[Black "Grigorian, Spartak"]
[Result "0-1"]
[WhiteElo "1923"]
[BlackElo "2344"]
[PlyCount "88"]
[EventDate "2017.12.27"]
[EventType "swiss"]
[EventRounds "7"]
[EventCountry "GER"]
[SourceTitle "OM OTB B 201907"]
[Source "Opening Master"]
[SourceDate "2019.07.06"]
[SourceVersion "2"]
[SourceVersionDate "2019.07.06"]
[SourceQuality "1"]

1. e4 c5 2. Nc3 Nc6 3. Nf3 d6 4. d4 cxd4 5. Nxd4 Nf6 6. Be2 e5 7. Nf3 h6 8. b3
Be7 9. Bb2 O-O 10. O-O Be6 11. Qd2 a6 12. h3 b5 13. a3 Qd7 14. Rfe1 Bd8 15.
Rad1 Bc7 16. Bf1 Ne7 17. a4 b4 18. Na2 a5 19. Bb5 Qc8 20. Nc1 Qb7 21. Qe2 Ng6
22. c4 bxc3 23. Bxc3 d5 24. exd5 Nxd5 25. Bxe5 Nxe5 26. Nxe5 Nc3 27. Qc2 Bxe5
28. Rxe5 Nxd1 29. Qxd1 Rfd8 30. Qe2 Rac8 31. Nd3 Qa7 32. b4 axb4 33. Nxb4 Rc1+
34. Kh2 Qc7 35. f4 Qc3 36. Nd5 Qd4 37. Ne7+ Kh8 38. f5 Qf4+ 39. g3 Qd4 40. Re3
Bb3 41. Bd3 Bxa4 42. h4 Rd1 43. f6 Qxf6 44. Nd5 Qc6 0-1

[Event "FICS rated standard game"]
[Site "FICS freechess.org"]
[Date "2017.12.27"]
[Round "?"]
[White "taiwanjack"]
[Black "GriffySr"]
[Result "0-1"]
[WhiteElo "1978"]
[BlackElo "2260"]
[PlyCount "36"]
[EventDate "2017.??.??"]
[EventType "swiss"]

1. e4 c5 2. Nf3 d6 3. d4 cxd4 4. Nxd4 Nf6 5. Nc3 Nc6 6. Be2 e5 7. Ndb5 a6 8.
Na3 b5 9. Nd5 Nxd5 10. Qxd5 Bd7 11. f3 Nd4 12. c3 Bc6 13. cxd4 Bxd5 14. exd5
Qh4+ 15. g3 Qxd4 16. Nc2 Qxd5 17. O-O Rc8 18. Nb4 Qd4+ 0-1

[Event "FICS rated standard game"]
[Site "FICS freechess.org"]
[Date "2017.12.27"]
[Round "?"]
[White "taiwanjack"]
[Black "GriffySr"]
[Result "1-0"]
[WhiteElo "1981"]
[BlackElo "2256"]
[PlyCount "111"]
[EventDate "2017.??.??"]
[EventType "swiss"]

1. e4 c5 2. Nf3 d6 3. d4 cxd4 4. Nxd4 Nf6 5. Nc3 Nc6 6. Be2 e5 7. Nb3 Be6 8.
Be3 Be7 9. Qd2 O-O 10. O-O-O a5 11. Kb1 a4 12. Nc1 a3 13. b3 Ng4 14. Bxg4 Bxg4
15. f3 Be6 16. g4 Nb4 17. Nd3 Nxd3 18. Qxd3 Ra6 19. h4 Bxh4 20. Rh2 Bg3 21. Rh3
Bf4 22. Bxf4 exf4 23. Rdh1 h6 24. Ne2 Qf6 25. c3 Rc8 26. Rc1 Rac6 27. Nd4 Rc5
28. Nb5 d5 29. exd5 Rxd5 30. Nd4 Qe5 31. Rhh1 Qe3 32. Qxe3 fxe3 33. Rhe1 Re5
34. Re2 Kh7 35. c4 Bd7 36. Nc2 Bc6 37. Rf1 Rce8 38. Nxa3 Rd8 39. Nc2 Rd3 40.
Kc1 Kg6 41. Nb4 Rd6 42. Nxc6 Rxc6 43. Rfe1 Ra6 44. Kb2 Rd6 45. Rxe3 Rd2+ 46.
Kb1 Rxe3 47. Rxe3 Kf6 48. a4 b6 49. Kc1 Rf2 50. Rd3 Ke6 51. a5 bxa5 52. c5 f5
53. c6 fxg4 54. c7 Rf1+ 55. Kd2 Kf6 56. c8=Q 1-0

[Event "Riyadh KSA, World Rapid Ch (w) 2017"]
[Site "Riyadh KSA"]
[Date "2017.12.26"]
[Round "1.14"]
[White "Munguntuul, Batkhuyag"]
[Black "Kulon, Klaudia"]
[Result "0-1"]
[WhiteElo "2397"]
[BlackElo "2370"]
[PlyCount "114"]
[EventDate "2017.12.26"]
[EventType "swiss (rapid)"]
[EventRounds "15"]
[EventCountry "SAU"]
[SourceTitle "OM OTB B 201907"]
[Source "Opening Master"]
[SourceDate "2019.07.06"]
[SourceVersion "2"]
[SourceVersionDate "2019.07.06"]
[SourceQuality "1"]

1. e4 c5 2. Nf3 d6 3. d4 cxd4 4. Nxd4 Nf6 5. Nc3 Nc6 6. Be2 e5 7. Nf3 h6 8. Bc4
Be7 9. O-O O-O 10. h3 Na5 11. Bd5 Re8 12. Qe2 Nxd5 13. Nxd5 Bf8 14. Rd1 Be6 15.
c4 Rc8 16. b3 b6 17. Bb2 Qd7 18. Rac1 f5 19. exf5 Bxf5 20. Ne3 Nc6 21. Nxf5
Qxf5 22. Nh4 Qf7 23. Qg4 Re6 24. Rd3 Rce8 25. Rcd1 Rf6 26. Rf3 Rxf3 27. Nxf3
Nb4 28. a3 Nc6 29. Nh4 Re6 30. Qe4 Nd8 31. Nf3 Re8 32. Nh4 Ne6 33. Nf5 Nc5 34.
Qg4 Re6 35. b4 Na4 36. Bc1 Rg6 37. Qf3 Rf6 38. Qb3 b5 39. Ng3 Qxc4 40. Qe3 Nc3
41. Re1 a6 42. Bd2 Nd5 43. Qa7 Qa2 44. Ne4 Rf7 45. Qxa6 Nc7 46. Qc8 d5 47. Bxh6
gxh6 48. Qg4+ Bg7 49. Qc8+ Kh7 50. Qg4 dxe4 51. Qxe4+ Kh8 52. Re2 Qa1+ 53. Kh2
Qd4 54. Qg6 Qf4+ 55. Kg1 Rf8 56. Rc2 Nd5 57. Qe6 Qe4 0-1

[Event "FICS rated standard game"]
[Site "FICS freechess.org"]
[Date "2017.12.26"]
[Round "?"]
[White "elisabeth"]
[Black "NightFury"]
[Result "0-1"]
[WhiteElo "1968"]
[BlackElo "2147"]
[PlyCount "51"]
[EventDate "2017.??.??"]
[EventType "swiss"]

1. e4 c5 2. Nf3 d6 3. d4 cxd4 4. Nxd4 Nf6 5. Nc3 Nc6 6. Be2 e5 7. Nb3 a5 8. a4
Be6 9. Bg5 Nb4 10. O-O Be7 11. Bxf6 Bxf6 12. Bb5+ Kf8 13. Nd5 Bxd5 14. exd5 g6
15. c3 Na6 16. f4 Kg7 17. Qf3 Rf8 18. g4 exf4 19. Qxf4 Be5 20. Qf3 Qh4 21. Rf2
f5 22. Bxa6 fxg4 23. Qg2 Rxf2 24. Qxf2 Qxf2+ 25. Kxf2 Rxa6 26. Kg2 0-1

[Event "FICS rated standard game"]
[Site "FICS freechess.org"]
[Date "2017.12.25"]
[Round "?"]
[White "taiwanjack"]
[Black "GriffyJr"]
[Result "1-0"]
[WhiteElo "1954"]
[BlackElo "2159"]
[PlyCount "115"]
[EventDate "2017.??.??"]
[EventType "swiss"]

1. e4 c5 2. Nf3 d6 3. d4 cxd4 4. Nxd4 Nf6 5. Nc3 Nc6 6. Be2 e5 7. Nb3 Be7 8.
Be3 O-O 9. Qd2 Ng4 10. Bxg4 Bxg4 11. f3 Bh4+ 12. Bf2 Bg5 13. Be3 Bxe3 14. Qxe3
Be6 15. O-O-O Bxb3 16. axb3 Nd4 17. Ne2 Nxe2+ 18. Qxe2 Rc8 19. Rd3 Qa5 20. Kb1
Rfd8 21. Rhd1 Rc6 22. g4 Qb4 23. h4 Kh8 24. h5 Kg8 25. g5 Kh8 26. Qg2 a6 27. g6
fxg6 28. hxg6 h6 29. Qg4 b5 30. Qe6 a5 31. Qe7 Rdc8 32. Rxd6 Rxd6 33. Rxd6 Rg8
34. Rd7 Qxe7 35. Rxe7 Rd8 36. Rb7 b4 37. Ra7 h5 38. Rxa5 h4 39. Rxe5 Kg8 40.
Rh5 Rd1+ 41. Ka2 Rd2 42. Rxh4 Rxc2 43. e5 Rc5 44. Rxb4 Kf8 45. f4 Rc7 46. f5
Ke7 47. Rb5 Ra7+ 48. Kb1 Rc7 49. b4 Kd7 50. e6+ Kd6 51. Ra5 Re7 52. Ka2 Kc6 53.
Kb3 Kb6 54. Rc5 Kb7 55. b5 Kb6 56. Kb4 Ka7 57. Rc6 Kb7 58. Kc5 1-0

[Event "FICS rated standard game"]
[Site "FICS freechess.org"]
[Date "2017.12.23"]
[Round "?"]
[White "taiwanjack"]
[Black "GriffySr"]
[Result "0-1"]
[WhiteElo "1988"]
[BlackElo "2202"]
[PlyCount "58"]
[EventDate "2017.??.??"]
[EventType "swiss"]

1. e4 c5 2. Nf3 Nc6 3. d4 cxd4 4. Nxd4 Nf6 5. Nc3 d6 6. Be2 e5 7. Nb3 Be6 8.
Be3 Be7 9. Qd2 O-O 10. O-O-O a5 11. Kb1 a4 12. Nc1 a3 13. b3 Ng4 14. Bxg4 Bxg4
15. f3 Be6 16. Nd5 Bh4 17. g3 Bf6 18. Nxf6+ Qxf6 19. Qxd6 Rfd8 20. Qc5 Qxf3 21.
Rdf1 Qxe4 22. Re1 Rd5 23. Qc3 Qb4 24. Qxb4 Nxb4 25. Rd1 Rc8 26. Rxd5 Bxd5 27.
Rd1 Be4 28. Nd3 Nxc2 29. Bb6 Nb4 0-1

[Event "FICS rated standard game"]
[Site "FICS freechess.org"]
[Date "2017.12.22"]
[Round "?"]
[White "taiwanjack"]
[Black "GriffySr"]
[Result "1-0"]
[WhiteElo "1968"]
[BlackElo "2233"]
[PlyCount "139"]
[EventDate "2017.??.??"]
[EventType "swiss"]

1. e4 c5 2. Nf3 Nc6 3. d4 cxd4 4. Nxd4 Nf6 5. Nc3 d6 6. Be2 e5 7. Nb3 Be7 8.
Be3 O-O 9. Qd2 Ng4 10. Bxg4 Bxg4 11. f3 Be6 12. O-O-O Nb4 13. g4 Qc7 14. Kb1 a5
15. h4 a4 16. Nc1 Qc4 17. g5 f6 18. gxf6 gxf6 19. h5 Kh8 20. h6 Rg8 21. Rdg1 b5
22. Rg2 a3 23. b3 Qc6 24. Rhg1 Rxg2 25. Rxg2 Rc8 26. N1e2 Rg8 27. Rxg8+ Kxg8
28. Qe1 Kf7 29. Qg3 Bf8 30. Qh4 d5 31. Qh5+ Ke7 32. exd5 Nxd5 33. Nxd5+ Qxd5
34. Bc1 b4 35. Ng3 Kd7 36. Nf5 Bc5 37. Ng7 Kd6 38. Qe8 Bd7 39. Qf8+ Kc7 40.
Qxf6 Kb7 41. Nh5 Qd6 42. Qg7 Qe7 43. Qxe7 Bxe7 44. Ng3 Kb6 45. f4 exf4 46. Bxf4
Kc6 47. Kc1 Kd5 48. Kd2 Bf6 49. Ne2 Ke4 50. Be3 Bb5 51. Bc5 Bg5+ 52. Ke1 Bxh6
53. Bxb4 Bxe2 54. Kxe2 Bc1 55. Be1 h5 56. c4 Bf4 57. Bh4 Bd6 58. Kd2 Bb4+ 59.
Kc2 Bc5 60. Kc3 Ke3 61. b4 Bd4+ 62. Kb3 Bb2 63. c5 Ke4 64. Kc4 Be5 65. b5 Bf4
66. c6 Bd6 67. b6 Bb8 68. c7 Bxc7 69. bxc7 Kf3 70. c8=Q 1-0

[Event "FICS rated standard game"]
[Site "FICS freechess.org"]
[Date "2017.12.22"]
[Round "?"]
[White "taiwanjack"]
[Black "GriffySr"]
[Result "0-1"]
[WhiteElo "1981"]
[BlackElo "2220"]
[PlyCount "22"]
[EventDate "2017.??.??"]
[EventType "swiss"]

1. e4 c5 2. Nf3 d6 3. d4 cxd4 4. Nxd4 Nf6 5. Nc3 Nc6 6. Be2 e5 7. Nb3 Be7 8.
Be3 O-O 9. Kd2 d5 10. exd5 Nxd5 11. Nxd5 Qxd5+ 0-1

[Event "FICS rated standard game"]
[Site "FICS freechess.org"]
[Date "2017.12.19"]
[Round "?"]
[White "taiwanjack"]
[Black "GriffySr"]
[Result "0-1"]
[WhiteElo "1856"]
[BlackElo "2192"]
[PlyCount "102"]
[EventDate "2017.??.??"]
[EventType "swiss"]

1. e4 c5 2. Nf3 d6 3. d4 cxd4 4. Nxd4 Nf6 5. Nc3 Nc6 6. Be2 e5 7. Nb3 Be7 8.
Be3 O-O 9. Qd2 Ng4 10. Bxg4 Bxg4 11. f3 Be6 12. O-O-O Nb4 13. Nd5 Nxd5 14. exd5
Bf5 15. g4 Bg6 16. Kb1 Rc8 17. Rc1 b6 18. Ka1 Qc7 19. c3 Qc4 20. h4 Bd3 21. h5
f5 22. Rcg1 f4 23. Bf2 Qxd5 24. Rh3 Bc4 25. Qxd5+ Bxd5 26. Rd1 Bb7 27. Nd2 d5
28. Rhh1 Kf7 29. Rhg1 Bd6 30. g5 Bc5 31. Bxc5 Rxc5 32. g6+ hxg6 33. hxg6+ Kf6
34. Rg2 Rh8 35. Rdg1 Rc7 36. a3 Bc6 37. Nb3 d4 38. cxd4 Bxf3 39. Rf2 e4 40. Nd2
Rc2 41. Nxe4+ Bxe4 42. Rxf4+ Bf5 43. Ka2 Rhh2 44. Rb1 Kxg6 45. Kb3 Kg5 46. Rff1
Be6+ 47. Kb4 Rxb2+ 48. Rxb2 Rxb2+ 49. Kc3 Rb3+ 50. Kd2 Bf5 51. Ke2 Bd3+ 0-1

[Event "FICS rated standard game"]
[Site "FICS freechess.org"]
[Date "2017.12.18"]
[Round "?"]
[White "taiwanjack"]
[Black "GriffySr"]
[Result "0-1"]
[WhiteElo "1857"]
[BlackElo "2152"]
[PlyCount "26"]
[EventDate "2017.??.??"]
[EventType "swiss"]

1. e4 c5 2. Nf3 Nc6 3. d4 cxd4 4. Nxd4 Nf6 5. Nc3 d6 6. Be2 e5 7. Nb3 Be7 8.
Be3 O-O 9. Qd2 Ng4 10. f3 Nxe3 11. Qxe3 Bg5 12. Qd3 Nb4 13. Qc4 Nxc2+ 0-1

[Event "Katowice POL, EUR Blitz Ch 2017"]
[Site "Katowice POL"]
[Date "2017.12.15"]
[Round "7.100"]
[White "Kuchar, Matej"]
[Black "Miton, Kamil"]
[Result "0-1"]
[WhiteElo "1990"]
[BlackElo "2584"]
[PlyCount "88"]
[EventDate "2017.12.15"]
[EventType "swiss (blitz)"]
[EventRounds "22"]
[EventCountry "POL"]
[SourceTitle "OM OTB B 201907"]
[Source "Opening Master"]
[SourceDate "2019.07.06"]
[SourceVersion "2"]
[SourceVersionDate "2019.07.06"]
[SourceQuality "1"]

1. e4 c5 2. Nf3 Nc6 3. d4 cxd4 4. Nxd4 Nf6 5. Nc3 d6 6. Be2 e5 7. Nf3 h6 8. O-O
Be7 9. b3 O-O 10. Bb2 Be6 11. Re1 Rc8 12. Bf1 Qa5 13. h3 Rfd8 14. Qe2 Bf8 15.
Rad1 a6 16. g3 Ne7 17. Qe3 b5 18. a3 Rc6 19. b4 Qc7 20. a4 bxa4 21. b5 axb5 22.
Nxb5 Qb8 23. Rb1 Rb6 24. c4 Nc6 25. Ba3 Nd7 26. Rb2 Na5 27. Qc3 Nb3 28. Nd2
Ndc5 29. Nxb3 Nxb3 30. Rd1 Rc8 31. Qb4 d5 32. Qxa4 dxc4 33. Nc3 Bxa3 34. Qxa3
Nd4 35. Rxb6 Qxb6 36. Rb1 Qc7 37. Kg2 g6 38. Rb2 Kg7 39. Qa1 Rb8 40. Qb1 Rb3
41. Rxb3 cxb3 42. Qb2 Bc4 43. Bxc4 Qxc4 44. Nd5 Qc2 0-1

[Event "BAN-chT"]
[Site "Dhaka"]
[Date "2017.12.15"]
[Round "7.2"]
[White "Abdul, Momin"]
[Black "Zia, Tahsin Tajwar"]
[Result "1-0"]
[WhiteElo "2046"]
[BlackElo "1825"]
[PlyCount "181"]
[EventDate "2017.12.09"]
[EventType "team-tourn"]
[EventRounds "11"]
[EventCountry "BAN"]
[SourceTitle "OM OTB B 201907"]
[Source "Opening Master"]
[SourceDate "2019.07.06"]
[SourceVersion "2"]
[SourceVersionDate "2019.07.06"]
[SourceQuality "1"]
[WhiteTeam "Sonali Bank Sports & Recreation"]
[BlackTeam "Golden Sporting"]
[WhiteTeamCountry "BAN"]
[BlackTeamCountry "BAN"]

1. e4 c5 2. Nf3 d6 3. d4 cxd4 4. Nxd4 Nf6 5. Nc3 Nc6 6. Be2 e5 7. Nxc6 bxc6 8.
O-O Be7 9. Bf3 Be6 10. b3 O-O 11. Re1 Qc7 12. Bb2 Rad8 13. Na4 Nd7 14. c4 Nc5
15. Nxc5 dxc5 16. Qe2 f6 17. Bc3 Rd7 18. Rad1 Rfd8 19. Rxd7 Rxd7 20. Rd1 Rxd1+
21. Qxd1 Qd7 22. Kf1 Qxd1+ 23. Bxd1 Bd6 24. Bc2 g6 25. f3 Kf7 26. Be1 h5 27.
Bf2 a5 28. Bd3 Ke7 29. Ke2 g5 30. Kd2 Kd7 31. h4 Be7 32. Kc3 Kc7 33. Be2 Bf7
34. Kb2 Kb7 35. Ka3 Ka6 36. Be1 Bd8 37. Ka4 Bg6 38. hxg5 fxg5 39. Bd2 Bf6 40.
Bd1 Bd8 41. Bc3 Bc7 42. Be1 Bd8 43. Bf2 h4 44. Be2 Bh5 45. Be3 Be7 46. Ka3 Bf7
47. Kb2 Be6 48. Bf1 Kb6 49. Bd2 Bd7 50. Ka3 Ka6 51. Bc3 Bd6 52. Bd2 Be7 53. Ka4
Bd8 54. Be3 Be7 55. Bg1 Kb6 56. a3 Be6 57. b4 axb4 58. axb4 Bd6 59. Be2 Bd7 60.
Be3 Be7 61. Kb3 Ka6 62. bxc5 Be6 63. Kb4 Bd8 64. Bc1 Ba5+ 65. Kb3 Bd8 66. Bb2
Bc7 67. Bc3 Bd7 68. Kc2 Kb7 69. Kd3 Kc8 70. Bd2 Bd8 71. Ke3 Be6 72. Kf2 Kd7 73.
g3 hxg3+ 74. Kxg3 Ke8 75. Bc3 Bc7 76. Bf1 Kf7 77. Bh3 Bxc4 78. Bd7 Bb5 79. Kg4
Ke7 80. Bf5 Bc4 81. Kxg5 Be6 82. Kg6 Bf7+ 83. Kg7 Bh5 84. Bg4 Bxg4 85. fxg4 Ke6
86. g5 Bd8 87. Bd2 Be7 88. Be3 Bd8 89. Kh7 Be7 90. g6 Bf8 91. g7 1-0

[Event "Bratsk-ch"]
[Site "Bratsk"]
[Date "2017.12.15"]
[Round "2"]
[White "Roslyakov, Evgenuy"]
[Black "Solovjov, Alexandr"]
[Result "0-1"]
[WhiteElo "2008"]
[BlackElo "2212"]
[PlyCount "78"]
[EventDate "2017.12.14"]
[EventType "tourn"]
[EventRounds "11"]
[EventCountry "RUS"]
[SourceTitle "OM OTB B 201907"]
[Source "Opening Master"]
[SourceDate "2019.07.06"]
[SourceVersion "2"]
[SourceVersionDate "2019.07.06"]
[SourceQuality "1"]

1. e4 c5 2. Nf3 d6 3. Nc3 Nf6 4. Be2 Nc6 5. d4 cxd4 6. Nxd4 e5 7. Nf3 Be7 8.
O-O O-O 9. Be3 a6 10. h3 b5 11. Nd2 Be6 12. Bf3 Rc8 13. Nd5 Bxd5 14. exd5 Nb4
15. c3 Nbxd5 16. Bg5 Qc7 17. Re1 Rcd8 18. Nf1 Qc5 19. Qd2 h6 20. Bh4 Rfe8 21.
Rad1 Nb6 22. Qc2 b4 23. Rc1 Nfd5 24. Bxe7 Rxe7 25. c4 Nf4 26. Ne3 g6 27. b3 Kg7
28. Bg4 e4 29. Be2 Qg5 30. Kh2 d5 31. Qb2+ d4 32. Bf1 Kh7 33. Nd1 d3 34. Re3
Qf5 35. g3 Ne6 36. Qd2 a5 37. Bg2 Nd4 38. Nb2 Rde8 39. Rce1 Nc2 0-1

[Event "Zhytomyr UKR, 86th Men Ch"]
[Site "Zhytomyr UKR"]
[Date "2017.12.14"]
[Round "8.6"]
[White "Kovchan, Alexander"]
[Black "Gasanov, Eldar"]
[Result "1/2-1/2"]
[WhiteElo "2592"]
[BlackElo "2488"]
[PlyCount "69"]
[EventDate "2017.12.06"]
[EventType "tourn"]
[EventRounds "11"]
[EventCountry "UKR"]
[EventCategory "11"]
[SourceTitle "OM OTB B 201907"]
[Source "Opening Master"]
[SourceDate "2019.07.06"]
[SourceVersion "2"]
[SourceVersionDate "2019.07.06"]
[SourceQuality "1"]

1. e4 c5 2. Nf3 Nc6 3. d4 cxd4 4. Nxd4 Nf6 5. Nc3 d6 6. Be2 e5 7. Nf3 h6 8. O-O
Be7 9. Re1 O-O 10. h3 Be6 11. Bf1 Qa5 12. Bd2 Qd8 13. Bc1 Qa5 14. a3 Rfc8 15.
Qd3 Nb8 16. Nh4 Nbd7 17. Bd2 Qc7 18. Qf3 a6 19. a4 Qc6 20. Nf5 Bf8 21. Bd3 Rab8
22. a5 b5 23. axb6 Rxb6 24. b3 Qb7 25. Na4 Rbc6 26. Ne3 R6c7 27. Ba5 Rc6 28. b4
Be7 29. Reb1 Ra8 30. c4 Rcc8 31. c5 Bd8 32. cxd6 Qc6 33. Qe2 Qxd6 34. Rd1 Qc6
35. Bxd8 1/2-1/2

[Event "FICS rated standard game"]
[Site "FICS freechess.org"]
[Date "2017.12.12"]
[Round "?"]
[White "exeComp"]
[Black "JACBON"]
[Result "1-0"]
[WhiteElo "2582"]
[BlackElo "1707"]
[PlyCount "50"]
[EventDate "2017.??.??"]
[EventType "swiss"]

1. e4 c5 2. Nf3 Nc6 3. d4 cxd4 4. Nxd4 d6 5. Nc3 Nf6 6. Be2 e5 7. Nf3 Be7 8.
O-O a6 9. Bg5 O-O 10. Bxf6 Bxf6 11. Nd5 Re8 12. c3 Be7 13. a4 Bf8 14. b4 Ne7
15. Ne3 Ng6 16. g3 Be6 17. a5 Rc8 18. Rc1 Rc7 19. h4 f6 20. Qd3 Qc8 21. Nd2 Bh3
22. Rfd1 Rd8 23. Ndc4 Rc6 24. h5 Ne7 25. g4 Kh8 1-0

[Event "FICS rated blitz game"]
[Site "FICS freechess.org"]
[Date "2017.12.12"]
[Round "?"]
[White "sparse"]
[Black "konozrout"]
[Result "0-1"]
[WhiteElo "1894"]
[BlackElo "2209"]
[PlyCount "84"]
[EventDate "2017.??.??"]
[EventType "blitz"]

1. e4 c5 2. Nf3 d6 3. d4 cxd4 4. Nxd4 Nf6 5. Nc3 Nc6 6. Be2 e5 7. Nb3 Be7 8.
O-O O-O 9. Kh1 a5 10. Be3 a4 11. Nd2 a3 12. b3 d5 13. exd5 Nxd5 14. Nxd5 Qxd5
15. Nc4 Qe4 16. Bd3 Qh4 17. Nb6 Rb8 18. Nxc8 Rfxc8 19. g3 Qh3 20. Qf3 g6 21.
Rfd1 Rd8 22. Be4 Rbc8 23. Bxc6 Rxd1+ 24. Rxd1 bxc6 25. c4 f5 26. Qe2 Re8 27.
Bb6 e4 28. Qe3 h6 29. Qd4 Qg4 30. Qd7 Qf3+ 31. Kg1 Kf8 32. Be3 Rd8 33. Qxd8+
Bxd8 34. Rxd8+ Ke7 35. Rd2 Ke8 36. h4 Qh5 37. Kg2 g5 38. hxg5 hxg5 39. Kg1 f4
40. gxf4 gxf4 41. Bxf4 Qg4+ 42. Bg3 e3 0-1

[Event "Dhaka BAN, Team Ch 2017"]
[Site "Dhaka BAN"]
[Date "2017.12.11"]
[Round "3.1"]
[White "Alam, Badrul"]
[Black "Uddin, Md. Saif"]
[Result "1-0"]
[WhiteElo "1849"]
[BlackElo "2073"]
[PlyCount "41"]
[EventDate "2017.12.09"]
[EventType "team-tourn"]
[EventRounds "11"]
[EventCountry "BAN"]
[SourceTitle "OM OTB B 201907"]
[Source "Opening Master"]
[SourceDate "2019.07.06"]
[SourceVersion "2"]
[SourceVersionDate "2019.07.06"]
[SourceQuality "1"]
[WhiteTeam "Fire Service & Civil Defense Sports Club"]
[BlackTeam "Titas Club"]

1. e4 c5 2. Nf3 Nc6 3. d4 cxd4 4. Nxd4 Nf6 5. Nc3 d6 6. Be2 e5 7. Nb3 h6 8. Be3
Be7 9. f3 Be6 10. Nd5 O-O 11. c4 Re8 12. Qd2 Bf8 13. g4 Nh7 14. h4 Ne7 15.
O-O-O Nxd5 16. cxd5 Bd7 17. Rdg1 Be7 18. g5 hxg5 19. hxg5 g6 20. Bd3 Kg7 21.
Rxh7+ 1-0

[Event "CHN-ch blitz (Women)"]
[Site "Shenzhen"]
[Date "2017.12.09"]
[Round "7"]
[White "Zhang, Lanlin"]
[Black "Gu, Tianlu"]
[Result "0-1"]
[WhiteElo "2183"]
[BlackElo "2197"]
[PlyCount "100"]
[EventDate "2017.12.08"]
[EventType "swiss (blitz)"]
[EventRounds "9"]
[EventCountry "CHN"]
[SourceTitle "OM OTB B 201907"]
[Source "Opening Master"]
[SourceDate "2019.07.06"]
[SourceVersion "2"]
[SourceVersionDate "2019.07.06"]
[SourceQuality "1"]

1. e4 c5 2. Nf3 Nc6 3. d4 cxd4 4. Nxd4 Nf6 5. Nc3 d6 6. Be2 e5 7. Nb3 Be7 8.
O-O O-O 9. Kh1 a5 10. a4 Be6 11. f4 Bxb3 12. cxb3 Qb6 13. Bc4 Rad8 14. f5 h6
15. Nd5 Nxd5 16. exd5 Nb4 17. f6 Bxf6 18. Rxf6 gxf6 19. Bxh6 Qd4 20. Qf3 Qh4
21. Bxf8 Kxf8 22. Rf1 Ke7 23. g3 Qh6 24. Qe2 Rh8 25. Kg1 Qg6 26. Kg2 Qc2 27.
Qxc2 Nxc2 28. Rf3 Nd4 29. Re3 f5 30. h3 Rg8 31. Kf2 Kf6 32. Rc3 Rh8 33. h4 f4
34. gxf4 exf4 35. Rh3 Nf5 36. h5 Kg5 37. Be2 Ng3 38. Bf3 Rh6 39. Rh2 Nxh5 40.
Rg2+ Ng3 41. Rg1 Rh2+ 42. Bg2 Kg4 43. Rd1 Nf5 44. Kg1 Kg3 45. Rd3+ Ne3 46. Be4
Rxb2 47. Rc3 Rd2 48. Rc1 f5 49. Bh1 f3 50. Re1 f2# 0-1

[Event "Penang MAS, 9th Open-B"]
[Site "Penang MAS"]
[Date "2017.12.06"]
[Round "5.2"]
[White "Liuviann, Cecilia Natalie"]
[Black "Hoe, Chew Ming Thomas"]
[Result "1-0"]
[WhiteElo "1632"]
[BlackElo "1738"]
[PlyCount "87"]
[EventDate "2017.12.04"]
[EventType "swiss"]
[EventRounds "9"]
[EventCountry "MAS"]
[SourceTitle "OM OTB B 201907"]
[Source "Opening Master"]
[SourceDate "2019.07.06"]
[SourceVersion "2"]
[SourceVersionDate "2019.07.06"]
[SourceQuality "1"]

1. e4 c5 2. Nf3 Nc6 3. d4 cxd4 4. Nxd4 Nf6 5. Nc3 d6 6. Be2 e5 7. Nb3 Be7 8.
O-O O-O 9. Kh1 a6 10. a4 Be6 11. Be3 d5 12. exd5 Nxd5 13. Nxd5 Bxd5 14. c4 Be6
15. Nc5 Bxc5 16. Bxc5 Qxd1 17. Raxd1 Rfd8 18. Bb6 Rxd1 19. Rxd1 Rc8 20. b3 f5
21. h3 Kf7 22. g4 g6 23. Kg2 Kf6 24. Rb1 e4 25. f3 Ke5 26. Rd1 h5 27. gxh5 gxh5
28. fxe4 Rg8+ 29. Kf2 fxe4 30. Bc7+ Kf6 31. Bxh5 Bxh3 32. Ke3 Bf5 33. Kf4 Be6
34. Kxe4 Rg2 35. Rf1+ Kg5 36. Bd1 Kg6 37. Be5 Bh3 38. Rf6+ Kg5 39. Rf7 Nxe5 40.
Kxe5 Rd2 41. Bf3 Rd3 42. Rg7+ Kh4 43. Kf4 Rd4+ 44. Be4 1-0